000 01021cam a2200253 4500
001 ABS64162
008 010712n2001 000 0 eng u
035 _a(Sirsi) u113628
100 _aHarrup, B.
245 _aCut a good deal
260 _c2001
490 _aEstates Gazette
_v(0126) 30 June 2001, 156-157(2)
520 _aHighlights the key features of break clauses in tenancy agreements, advising tenants to ensure that it is conditional or, if conditions apply, to ensure that they can comply or negotiate an exit with the landlord where there is non-compliance. Rent and service charges should always be paid, early if necessary. Any argument about overcharging or a mistake can always be settled at a later date. Case law.
590 _aABS
650 _aBREAK CLAUSES
650 _aCOMMERCIAL LEASES
650 _aCONDITIONS
650 _aNON-COMPLIANCE
650 _aRENT
650 _aSERVICE CHARGES
650 _aTENANCY AGREEMENTS
690 _aPROPERTY-LANDLORD AND TENANT
942 _n0
999 _c67707
_d67707